| 000 -ლიდერი |
| ფიქსირებული სიგრძის საკონტროლო ველი |
01018nam a22002057a 4500 |
| 003 - საკონტროლო ნომრის იდენტიფიკატორი |
| საკონტროლო ველი |
Ge_BSU |
| 005 - ბოლო ოპერაციის თარიღი და დრო |
| საკონტროლო ველი |
20241015164431.0 |
| 008 - ფიქსირებული სიგრძის მონაცემთა ელემენტები - ზოგადი ინფორმაცია |
| ფიქსირებული სიგრძის საკონტროლო ველი |
241015s1986 ge ||||| |||| 00| 0 geo d |
| 041 ## - ენის კოდი |
| Language code of text/sound track or separate title |
geo |
| 080 ## - უნივერსალური ათობითი კლასიფიკაციის ინდექსი |
| Universal Decimal Classification number |
633.88 + 616.31 მ-28 |
| 100 ## - მთავარი ჩანაწერი - პიროვნების სახელი |
| Personal name |
მანჯგალაძე, ქ. |
| 9 (RLIN) |
23404 |
| 245 ## - ცნობა სათაურის შესახებ |
| Title |
სამკურნალო მცენარეების გამოყენება სტომატოლოგიაში / |
| Statement of responsibility, etc |
ქ. მანჯგალაძე, ქ. სიმონიშვილი, ნ. ვაჩნაძე. |
| 264 ## - წარმოების, გამოცემის, დისტრიბუციის და სხვა ცნობები |
| გამოცემის, წარმოების, დისტრიბუციის... ადგილი |
თბ. : |
| გამოცემის, წარმოების, დისტრიბუციის... სახელწოდება |
საბჭ. საქართველო, |
| გამოცემის, წარმოების, დისტრიბუციის... თარიღი |
1986. |
| 300 ## - ფიზიკური აღწერა |
| Extent |
130 გვ. ; |
| Other physical details |
20 სმ. |
| 653 ## - INDEX TERM--UNCONTROLLED |
| Uncontrolled term |
სამკურნალო მცენარეები სტომატოლოგიაში |
| 653 ## - INDEX TERM--UNCONTROLLED |
| Uncontrolled term |
მედიცინა |
| 700 ## - ADDED ENTRY--PERSONAL NAME |
| Personal name |
სიმონიშვილი, ქ. |
| Relator term |
ავტორი |
| 9 (RLIN) |
23405 |
| 700 ## - ADDED ENTRY--PERSONAL NAME |
| Personal name |
ვაჩნაძე, ნ. |
| Relator term |
ავტორი |
| 9 (RLIN) |
12849 |
| 942 ## - ADDED ENTRY ELEMENTS (KOHA) |
| Source of classification or shelving scheme |
|
| Koha item type |
წიგნი |